Regionálny rozvoj - teoretické východiská

Teoretické východiská na základe ktorých sa formovali jednotlivé teórie regionálneho rozvoja. Neoklasické a neoliberálne teórie regionálneho rozvoja. Dopytovo orientované teórie regionálneho rozvoja. Teórie vysvetľujúce polarizáciu v priestore. Teoretické vymedzenie regionálnej politiky. Dôvody pre...

Descrizione completa

Salvato in:
Dettagli Bibliografici
Autore principale: Tvrdoň, Jozef
Natura: Capitolo di libro
Lingua:slovacco
Soggetti:
Tags: Aggiungi Tag
Nessun Tag, puoi essere il primo ad aggiungerne!!

MARC

LEADER 00000nla$a2200000$$$4500
001 0051104
005 20240502071608.3
041 0 |a slo 
044 |a SK 
245 1 0 |a Regionálny rozvoj - teoretické východiská  |c Jozef Tvrdoň 
520 |a Teoretické východiská na základe ktorých sa formovali jednotlivé teórie regionálneho rozvoja. Neoklasické a neoliberálne teórie regionálneho rozvoja. Dopytovo orientované teórie regionálneho rozvoja. Teórie vysvetľujúce polarizáciu v priestore. Teoretické vymedzenie regionálnej politiky. Dôvody pre uskutočnenie regionálnej politiky. Ekonomické, sociálne a ekologické zdôvodnenie. Nástroje regionálnej politiky. Strategické zameranie regionálnej politiky. Model plánovania a regulovania regionálneho rozvoja. Hodnotenie účinnosti, foriem a spôsobov regionálnej politiky v ekonomike Slovenska. 
610 2 0 |a politika hospodárska 
610 2 0 |a politika regionálna 
610 2 0 |a prostredie podnikateľské 
610 2 0 |a reformy štruktúrne 
610 2 0 |a rozvoj regionálny 
610 2 0 |a samospráva 
610 2 0 |a Slovensko 
610 2 0 |a úroveň rozvoja hospodárskeho 
610 2 0 |a teórie ekonomické 
610 2 0 |a pojmy 
100 1 |a Tvrdoň, Jozef